书目信息 |
| 题名: |
德国国家治理模式研究
|
|
| 作者: | 王志强 , 戴启秀 著 | |
| 分册: | ||
| 出版信息: | 上海 同济大学出版社 2020.08 |
|
| 页数: | 263页 | |
| 开本: | 23cm | |
| 丛书名: | ||
| 单 册: | ||
| 中图分类: | D751.63 | |
| 科图分类: | ||
| 主题词: | 国家--guo jia--行政管理--研究--德国 | |
| 电子资源: | ||
| ISBN: | 978-7-5608-9309-9 | |
| 000 | 01413nam0 2200289 450 | |
| 001 | 0100028600 | |
| 005 | 20211025120159.0 | |
| 010 | @a978-7-5608-9309-9@dCNY69.00 | |
| 100 | @a20201028d2020 em y0chiy50 ea | |
| 101 | 0 | @achi |
| 102 | @aCN@b310000 | |
| 105 | @ay a 000yy | |
| 106 | @ar | |
| 200 | 1 | @a德国国家治理模式研究@Ade guo guo jia zhi li mo shi yan jiu@e经济、社会与外交@f王志强, 戴启秀著 |
| 210 | @a上海@c同济大学出版社@d2020.08 | |
| 215 | @a263页@d23cm | |
| 300 | @a本书为教育部国别和区域研究基地—上海外国语大学欧盟研究中心“欧盟及其成员国研究”项目成果 本书为上海外国语大学中德人文交流研究中心学术成果 | |
| 314 | @a王志强, 上海外国语大学德语系教授。戴启秀, 上海外国语大学国际关系与公共事务学院教授。 | |
| 320 | @a有书目 (第247-262页) | |
| 330 | @a本书是研究德国国家制度和社会形态的著作, 从经济、社会与外交三个方面对德国国家治理模式进行研究。所选取的研究问题不局限于传统的国家发展与治理的议题, 也聚焦德国有成功经验且对中国有一定启示意义的议题。作者将对象国语言和第一手原文文献作为内部视角的研究基础, 通过“田野调查”和兼顾对象国国情、民情、社情的跨领域研究方法, 来界定德国国家治理模式的特征。 | |
| 517 | 1 | @a经济、社会与外交@Ajing ji 、 she hui yu wai jiao |
| 606 | 0 | @a国家@Aguo jia@x行政管理@x研究@y德国 |
| 690 | @aD751.63@v5 | |
| 701 | 0 | @a王志强@Awang zhi qiang@4著 |
| 701 | 0 | @a戴启秀@Adai qi xiu@4著 |
| 801 | 0 | @aCN@c20210909 |
| 905 | @a河南城建学院图书馆@dD751.63@eW465 | |
| 德国国家治理模式研究:经济、社会与外交/王志强, 戴启秀著.-上海:同济大学出版社,2020.08 |
| 263页;23cm |
| 本书为教育部国别和区域研究基地—上海外国语大学欧盟研究中心“欧盟及其成员国研究”项目成果 本书为上海外国语大学中德人文交流研究中心学术成果 |
| ISBN 978-7-5608-9309-9:CNY69.00 |
| 本书是研究德国国家制度和社会形态的著作, 从经济、社会与外交三个方面对德国国家治理模式进行研究。所选取的研究问题不局限于传统的国家发展与治理的议题, 也聚焦德国有成功经验且对中国有一定启示意义的议题。作者将对象国语言和第一手原文文献作为内部视角的研究基础, 通过“田野调查”和兼顾对象国国情、民情、社情的跨领域研究方法, 来界定德国国家治理模式的特征。 |
| ● |
| 相关链接 |
|
|
|
正题名:德国国家治理模式研究
索取号:D751.63/W465
 
预约/预借
| 序号 | 登录号 | 条形码 | 馆藏地/架位号 | 状态 | 备注 |
| 1 | 1545656 | 215456566 | 社科库509/509社科库 78排1列2层/ [索取号:D751.63/W465] | 在馆 | |
| 2 | 1545657 | 215456575 | 社科库509/509社科库 78排1列2层/ [索取号:D751.63/W465] | 在馆 |